01050 2200313 4500001002100000005001500021035002000036007000300056008004100059020002200100082001600122084001800138100003200156245015100188250003500339300004400374650003700418700003100455264004200486336002100528337003000549338002300579040002200602090002200624850001200646504003400658999002200692990002200714INLIS00000000089190820241212112255 a0010-1224000455ta241212s2024 yoia g ind d a978-623-515-275-204223a381.141 a381.141 EFI k0 aEfitri WidyatutiePengarang10aKotak hitam tiktok dan shopee :bterbongkar strategi praktis banjir orderan dari tiktok dan shopee /cEfitri Widyatuti; penyunting, Arif Ishartadi aCetakan pertama, November 2024 axxvi, 238 halaman :bilustrasi ;c20 cm 4aPerdagangan--xPemasaran digital0 aArif IshartadiePenyunting31aBantul :bAnak Hebat Indonesia,c2024 2rdacontentateks 2rdamediaatanpa perantara 2rdacarrieravolume aYOPDYOGbinderda aCB-D.11 2024-3738 aYOPDYOG aBibliografi : halaman 208-211 aCB-D.11/2024-3738 aCB-D.11/2024-3738